007050000a220012100045001000026000002450028000263000050000545200319001047730045004239420008004689520090004769990017005661 aZapata León, Sergio10aA la sombra de la ceiba aVol.0, núm.20 (Mayo, 2007), Páginas 26-27 aComenzó en 1980 con Lo amador, un libro de cuentos que es considerado como uno de los grandes textos de narrativa breve de Colombia. Ahora, veintisiete años después, ha vuelto al patio de su Cartagena natal para escribir una novela histórica. ¿Se ha contado bien la historia del esclavismo en el país?0 tArcadia / Andrés Felipe Solano, Editor cANA 001040708HEMaFUSBCbFUSBCd2016-01-26l0o r2016-01-26 00:00:00w2016-01-26yANA c62192d62192